Catálogo - Centro de Recursos para el Aprendizaje y la Investigación
Volver al Sitio - CRAI Biblioteca| 000 -CABECERA | |
|---|---|
| campo de control de longitud fija | 02947nam a2200337 4500 |
| 001 - NÚMERO DE CONTROL | |
| campo de control | 113391 |
| 003 - IDENTIFICADOR DEL NÚMERO DE CONTROL | |
| campo de control | DR-UNIBE |
| 005 - FECHA Y HORA DE LA ÚLTIMA TRANSACCIÓN | |
| campo de control | 20250411153125.0 |
| 008 - DATOS DE LONGITUD FIJA--INFORMACIÓN GENERAL | |
| campo de control de longitud fija | 250328b1990 sp ||||| |||| 00| 0 spa d |
| 020 ## - NÚMERO INTERNACIONAL ESTÁNDAR DEL LIBRO | |
| Número Internacional Estándar del Libro | 8430918639 |
| 040 ## - FUENTE DE LA CATALOGACIÓN | |
| Centro catalogador/agencia de origen | BIBLIOTECA UNIBE |
| Centro/agencia transcriptor | BIBLIOTECA UNIBE |
| Lengua de catalogación | spa |
| 041 ## - CÓDIGO DE LENGUA | |
| Código de lengua del texto/banda sonora o título independiente | spa |
| 082 ## - NÚMERO DE LA CLASIFICACIÓN DECIMAL DEWEY | |
| Número de edición | 22 |
| Número de clasificación | 364.1340946 G216p |
| 100 1# - ENTRADA PRINCIPAL--NOMBRE DE PERSONA | |
| Nombre de persona | García Arán, Mercedes |
| Término indicativo de función/relación | autor |
| 9 (RLIN) | 193586 |
| 245 13 - MENCIÓN DE TÍTULO | |
| Título | La prevaricación judicial / |
| Mención de responsabilidad, etc. | Mercedes García Arán |
| 260 ## - PUBLICACIÓN, DISTRIBUCIÓN, ETC. | |
| Lugar de publicación, distribución, etc. | Madrid : |
| Nombre del editor, distribuidor, etc. | Editorial Tecnos, S.A., |
| Fecha de publicación, distribución, etc. | 1990 |
| 300 ## - DESCRIPCIÓN FÍSICA | |
| Extensión | 189 páginas ; |
| Dimensiones | 24 x 16 cm |
| 440 ## - MENCIÓN DE SERIE/PUNTO DE ACCESO ADICIONAL--TÍTULO | |
| Título | Semilla y surco. |
| Nombre de parte o sección de la obra | Colección de Ciencias Sociales. Serie de derecho |
| 9 (RLIN) | 193593 |
| 504 ## - NOTA DE BIBLIOGRAFÍA, ETC. | |
| Nota de bibliografía, etc. | Incluye referencias bibliográficas (páginas: 185-189) e índice |
| 505 0# - NOTA DE CONTENIDO CON FORMATO | |
| Nota de contenido con formato | Prólogo |<br/>1. Introducción |<br/>PRIMERA PARTE. EL OBJETO DE PROTECCIÓN |<br/>2. El bien jurídico protegido en el título VII del libro II del Código Penal: los delitos de los funcionarios públicos en el ejercicio de sus cargos |<br/>3. La cuestión del bien jurídico en la prevaricación judicial |<br/>4. El ejercicio de la potestad jurisdiccional |<br/>SEGUNDA PARTE. ELEMENTOS ESENCIALES DE LA PREVARICACIÓN JUDICIAL: EL TIPO DOLOSO Y EL TIPO IMPRUDENTE |<br/>5. Prevaricación dolosa y culposa: elementos comunes |<br/>6. El elemento «asabiendas» en la prevaricación dolosa |<br/>7. Los elementos «manifiestamente injusta» y «negligencia o ignorancia inexcusables» en la prevaricación culposa |<br/>8. El carácter residual de la responsabilidad civil de jueces y magistrados |<br/>TERCERA PARTE. TIPOS AFECTANTES AL DERECHO A LA RESOLUCIÓN JUDICIAL |<br/>Introducción |<br/>9. Prestación de tutela judicial efectiva y derecho a obtener una resolución |<br/>10. La denegación de justicia |<br/>11. El retardo malicioso en la administración de justicia |<br/>Bibliografía<br/> |
| 520 3# - SUMARIO, ETC. | |
| Sumario, etc. | Esta monografía se dedica al análisis de la responsabilidad penal de los jueces y su establecimiento a través de los delitos de prevaricación; elementos esenciales de la prevaricación judicial: el tipo doloso y el tipo imprudente; tipos afectantes al derecho a la resolución judicial. La autora ha partido del marco configurado por la Constitución española de 1978 en lo relativo al ejercicio de la potestad jurisdiccional y el principio de único sometimiento a la ley de jueces y tribunales, desarrollando a continuación una interpretación de estos delitos como conductas lesivas de distintos aspectos de la prestación de tutela judicial efectiva. |
| 650 #7 - PUNTO DE ACCESO ADICIONAL DE MATERIA--TÉRMINO DE MATERIA | |
| Fuente del encabezamiento o término | lemb |
| Término de materia o nombre geográfico como elemento de entrada | Corrupción del poder judicial |
| 9 (RLIN) | 103679 |
| 650 #7 - PUNTO DE ACCESO ADICIONAL DE MATERIA--TÉRMINO DE MATERIA | |
| Fuente del encabezamiento o término | lemb |
| Término de materia o nombre geográfico como elemento de entrada | Delitos contra la administración de justicia |
| Subdivisión geográfica | España |
| 9 (RLIN) | 194169 |
| 650 #7 - PUNTO DE ACCESO ADICIONAL DE MATERIA--TÉRMINO DE MATERIA | |
| Fuente del encabezamiento o término | lemb |
| Término de materia o nombre geográfico como elemento de entrada | Jueces |
| Subdivisión geográfica | España |
| Subdivisión general | Disciplina |
| 9 (RLIN) | 194170 |
| 650 #7 - PUNTO DE ACCESO ADICIONAL DE MATERIA--TÉRMINO DE MATERIA | |
| Fuente del encabezamiento o término | lemb |
| Término de materia o nombre geográfico como elemento de entrada | Prevaricato |
| 9 (RLIN) | 194171 |
| 650 #7 - PUNTO DE ACCESO ADICIONAL DE MATERIA--TÉRMINO DE MATERIA | |
| Fuente del encabezamiento o término | lemb |
| Término de materia o nombre geográfico como elemento de entrada | Ética legal |
| 650 #7 - PUNTO DE ACCESO ADICIONAL DE MATERIA--TÉRMINO DE MATERIA | |
| Fuente del encabezamiento o término | lemb |
| Término de materia o nombre geográfico como elemento de entrada | Delitos de los funcionarios |
| 651 #7 - PUNTO DE ACCESO ADICIONAL DE MATERIA--NOMBRE GEOGRÁFICO | |
| Nombre geográfico | España |
| Subdivisión general | Funcionarios |
| -- | Disciplina |
| 9 (RLIN) | 193597 |
| 700 ## - PUNTO DE ACCESO ADICIONAL--NOMBRE DE PERSONA | |
| Nombre de persona | Muñoz Conde, Francisco, |
| Fechas asociadas al nombre | 1945- |
| Término indicativo de función/relación | prologuista |
| 9 (RLIN) | 94920 |
| 942 ## - ELEMENTOS DE PUNTO DE ACCESO ADICIONAL (KOHA) | |
| Fuente del sistema de clasificación o colocación | Sistema de Clasificación Decimal Dewey |
| Tipo de ítem Koha | Libro (general) |
| Estado de retiro | Estado de pérdida | Fuente del sistema de clasificación o colocación | No para préstamo | Código de colección | Localización permanente | Fecha de adquisición | Total de préstamos | Signatura topográfica completa | Código de barras | Fecha visto por última vez | Número de copia | Precio válido a partir de | Tipo de ítem Koha |
|---|---|---|---|---|---|---|---|---|---|---|---|---|---|
| Disponible | Sistema de Clasificación Decimal Dewey | General | Biblioteca Central UNIBE | 28/01/2025 | 364.1340946 G216p | 250192 | 28/03/2025 | Ej. 1 | 28/03/2025 | Libro (general) |